00426nam a2200109Ia 4500008004100000100002100041245009200062260006900154300001100223650001400234856006800248160712s9999 xx 000 0 und d aGarcia, J. Neil. cJ. Neil GarciaaThe Spirit (Not the Letter) of the Word: Poetry, Myth, and Spirituality c2015bLikhaan: The Journal of Contemporary Philippine Literature avol. 9 xCRITICISM uhttp://journals.upd.edu.ph/index.php/lik/issue/view/539/showToc